চরক-সংহিতা : (Record no. 109077)
[ view plain ]
| 000 -LEADER | |
|---|---|
| fixed length control field | 00916nam a22002177a 4500 |
| 003 - CONTROL NUMBER IDENTIFIER | |
| control field | BD-DhUL |
| 005 - DATE AND TIME OF LATEST TRANSACTION | |
| control field | 20181106102758.0 |
| 008 - FIXED-LENGTH DATA ELEMENTS--GENERAL INFORMATION | |
| fixed length control field | 161016s19842016ii |||| |||| 000 0 ben |
| 020 ## - INTERNATIONAL STANDARD BOOK NUMBER | |
| International Standard Book Number | 8185325146 |
| 040 ## - CATALOGING SOURCE | |
| Original cataloging agency | BD-DhUL |
| Transcribing agency | BD-DhUL |
| 082 ## - DEWEY DECIMAL CLASSIFICATION NUMBER | |
| Classification number | 615.32 |
| Item number | CHA |
| 245 00 - TITLE STATEMENT | |
| Title | চরক-সংহিতা : |
| Remainder of title | খণ্ড ২ / |
| Statement of responsibility, etc. | সম্পাদক ব্রজেন্দ্রচন্দ্র নাগ । |
| 260 ## - PUBLICATION, DISTRIBUTION, ETC. (IMPRINT) | |
| Place of publication, distribution, etc. | কলিকাতা : |
| Name of publisher, distributor, etc. | নবপত্র, |
| Date of publication, distribution, etc. | ১৯৮৪ (২০১৬) |
| 300 ## - PHYSICAL DESCRIPTION | |
| Extent | খ. ; |
| Dimensions | ২২ সেমি. |
| 365 ## - TRADE PRICE | |
| Price type code | IRS |
| Price amount | 200.00 |
| 505 ## - FORMATTED CONTENTS NOTE | |
| Formatted contents note | সূচী: খ. ২। নিদান:বিমান/শারীর:ইন্দিয় । |
| 650 #0 - SUBJECT ADDED ENTRY--TOPICAL TERM | |
| Topical term or geographic name as entry element | আয়ুর্বেদী ঔষধ । |
| 650 #0 - SUBJECT ADDED ENTRY--TOPICAL TERM | |
| Topical term or geographic name as entry element | Ayurvedic medicine . |
| 700 1# - ADDED ENTRY--PERSONAL NAME | |
| Personal name | নাগ, ব্রজেন্দ্রচন্দ্র । |
| Relator term | সম্পাদক |
| 942 ## - ADDED ENTRY ELEMENTS (KOHA) | |
| Source of classification or shelving scheme | |
| Koha item type | Books |
| Price effective from | Date last seen | Permanent Location | Not for loan | Date acquired | Source of classification or shelving scheme | Koha item type | Lost status | Withdrawn status | Copy number | Source of acquisition | Collection code | Damaged status | Shelving location | Barcode | Current Location | Full call number |
|---|---|---|---|---|---|---|---|---|---|---|---|---|---|---|---|---|
| 2016-10-16 | 2016-10-16 | Dhaka University Library | 2016-10-16 | Books | 1 | Purchased | Non Fiction | General Stacks | 407133 | Dhaka University Library | 615.32 CHA | |||||
| 2016-10-16 | 2016-10-16 | Dhaka University Library | 2016-10-16 | Books | 2 | Purchased | Non Fiction | General Stacks | 407134 | Dhaka University Library | 615.32 CHA | |||||
| 2018-11-06 | 2018-11-06 | Dhaka University Library | 2018-11-06 | Books | 3 | Purchased | Non Fiction | General Stacks | 507085 | Dhaka University Library | 615.32 CHA | |||||
| 2018-11-06 | 2018-11-06 | Dhaka University Library | 2018-11-06 | Books | 4 | Purchased | Non Fiction | General Stacks | 507091 | Dhaka University Library | 615.32 CHA |
